| 000 | 00569nam a2200229Ia 4500 | ||
|---|---|---|---|
| 001 | 14487 | ||
| 003 | GE_BSU | ||
| 008 | 181216s||||||||xx |||||||||||||| ||und|| | ||
| 020 | _a9780593055359 | ||
| 040 | _cGE_BSU | ||
| 080 | _a159 | ||
| 100 | _aMcKenna,Paul | ||
| 245 | _aInstant Confidence! The Power to go for Anything you Want | ||
| 245 | _cEdited by Michael Neill | ||
| 260 | _aLondon | ||
| 260 | _bBantam press | ||
| 260 | _c2006 | ||
| 300 | _a223p.21cm | ||
| 653 | _aInstant Confidence! | ||
| 653 | _aThe Power to go for Anything you Want | ||
| 942 | _cBK | ||
| 999 |
_c47618 _d47618 |
||